বর্তমান পরিস্থিতিতে রাষ্ট্র প্রধান পদে মহিলার নির্বাচন জায়েজ : (Record no. 31691)

MARC details
000 -LEADER
fixed length control field 01084nam a22001817a 4500
003 - CONTROL NUMBER IDENTIFIER
control field BDDh-ASL
005 - DATE AND TIME OF LATEST TRANSACTION
control field 20231015031312.0
008 - FIXED-LENGTH DATA ELEMENTS--GENERAL INFORMATION
fixed length control field 230405n b ||||| |||| 00| 0 b d
040 ## - CATALOGING SOURCE
Original cataloging agency BDDh-ASL
Transcribing agency BDDh-ASL
041 ## - LANGUAGE CODE
Language code of text/sound track or separate title ben
082 ## - DEWEY DECIMAL CLASSIFICATION NUMBER
Classification number 324
Item number DAC
245 00 - TITLE STATEMENT
Title বর্তমান পরিস্থিতিতে রাষ্ট্র প্রধান পদে মহিলার নির্বাচন জায়েজ :
Remainder of title (বিশ্ব বিখ্যাত ও দেশ বরেণ্য ওলামায়ে কেরামের ফতোয়া) /
246 ## - VARYING FORM OF TITLE
Title proper/short title Bortoman Poristhitite Rastra Prodhan Pode Mohilar Nirbachon Jayez
260 ## - PUBLICATION, DISTRIBUTION, ETC.
Place of publication, distribution, etc. ঢাকা :
Name of publisher, distributor, etc. প্রচার বিভাগ, জামায়াতে ইসলামী ঢাকা,
300 ## - PHYSICAL DESCRIPTION
Extent 8 p. :
Dimensions 21 cm.
650 #0 - SUBJECT ADDED ENTRY--TOPICAL TERM
Topical term or geographic name entry element ফতোয়া, Phatōẏā, fatwa, manifesto যে ঘোষণাপত্র রাজার বা কোন দলের নেতার উদ্দেশ্য প্রকাশ করে, ফতোয়া
9 (RLIN) 7888
942 ## - ADDED ENTRY ELEMENTS (KOHA)
Source of classification or shelving scheme Dewey Decimal Classification
Koha item type Books
Holdings
Withdrawn status Lost status Source of classification or shelving scheme Damaged status Not for loan Collection code Home library Current library Shelving location Date acquired Source of acquisition Total Checkouts Full call number Barcode Date last seen Copy number Price effective from Koha item type Public note
    Dewey Decimal Classification     Non-fiction Asiatic Society Library Asiatic Society Library General Stacks 04/05/2023 Complimentary   324 DAC 120409 04/05/2023 C-1 04/05/2023 Books Y-0000

Powered by Koha